| 000 | 00427nam a22001457a 4500 | ||
|---|---|---|---|
| 008 | 250915b |||||||| |||| 00| 0 eng d | ||
| 020 | _a9780300260793 | ||
| 050 |
_aQC73 _b.P48 |
||
| 100 | _aPetroski Henry | ||
| 245 | _aForce: what it means to push and pull slip and grip start and stop | ||
| 260 |
_aLondon _bYale university press _c2022 |
||
| 300 |
_axiii,314p. _bill |
||
| 650 |
_aForce and energy _vphysical |
||
| 942 | _cBK | ||
| 999 |
_c4485 _d4485 |
||